A primer for disaster recovery planning in an IT environment

Αποθηκεύτηκε σε:
Λεπτομέρειες βιβλιογραφικής εγγραφής
Κύριος συγγραφέας: Hiatt, Charlotte J. 1947-
Μορφή: Βιβλίο
Γλώσσα:English
Δημοσίευση: Hershey, USA : Idea Group Publishing, c2000
Θέματα:
Ετικέτες: Προσθήκη ετικέτας
Δεν υπάρχουν, Καταχωρήστε ετικέτα πρώτοι!

MARC

LEADER 00000nam a2200000 i 4500
001 1/69432
008 050113s2000 eng d
020 |a 1-878-28981-0 
035 |l 10075953 
040 |a GR-MY-UA  |b gre  |e aacr 
041 0 |a eng 
082 0 |a 658.478  |2 (21) 
100 1 |a Hiatt, Charlotte J.  |d 1947- 
245 1 2 |a A primer for disaster recovery planning in an IT environment /  |c Charlotte J. Hiatt 
260 |a Hershey, USA :   |b Idea Group Publishing,   |c c2000 
300 |a 276 σ.;  |b εικ.;  |c 25 εκ. 
504 |a Περιέχει βιβλιογραφικές αναφορές 
650 0 0 |a Data recovery (Computer science) 
852 |a INST  |b SAMOS  |e 20050113  |h 658.478 HIA  |p 005300022510  |q 005300022510  |t BK  |y 0 
852 |a INST  |b SAMOS  |e 20050113  |h 658.478 HIA  |p 005300022511  |q 005300022511  |t BK  |y 0 
901 |a BIBL3-2005-1 
909 |a Σ  |b 114180 
909 |a Σ  |b 114181 
920 |a ΔΙΕΥΡΥΝΣΗ  |b ΕΠΕΑΕΚ-ΤΜΠΕΣ  |y ΣΑΜΟΣ  |z 2004-10 
970 |a ΚΟΣΙΕΡΗΣ  |b ΧΡΗΣΤΟΣ  |z 2005/01/13